[Event "Prague op 22nd"]
[Site "Prague"]
[Date "2024.01.05"]
[Round "1"]
[White "Nenova, Andzhelika"]
[Black "Pyrig, Roman"]
[Result "0-1"]
[WhiteElo "1818"]
[BlackElo "2154"]
[PlyCount "76"]
[EventDate "2024.01.05"]
[EventType "swiss"]
[EventRounds "9"]
[EventCountry "CZE"]
[SourceTitle "CB03_2024"]
[SourceDate "2024.01.17"]
[SourceVersion "1"]
[SourceVersionDate "2024.01.17"]
[SourceQuality "1"]

1. e4 c5 2. Nf3 Nc6 3. d4 cxd4 4. Nxd4 Nf6 5. Nc3 e5 6. Ndb5 d6 7. Bg5 a6 8. Na3 b5 9. Nd5 Be7 10. Bxf6 Bxf6 11. c3 0-0 12. Nc2 Bg5 13. a4 bxa4 14. Rxa4 Ne7 15. Bc4 Bb7 16. 0-0 a5 17. b3 Bc6 18. Ra3 Rc8 19. b4 Nxd5 20. Bxd5 axb4 21. Nxb4 Bb5 22. Re1 Qb6 23. Qf3 g6 24. Rea1 Rc7 25. g3 Rfc8 26. Qg4 Bd2 27. Ra7 Rxa7 28. Qxc8+ Kg7 29. Rxa7 Qxa7 30. c4 Bd7 31. Qa6 Qb8 32. Nd3 Qb1+ 33. Kg2 Bh3+ 34. Kxh3 Qf1+ 35. Kg4 Qg2 36. Be6 h5+ 37. Kh4 Qxh2+ 38. Bh3 g5+ 0-1

[Event "Brasov GP RO"]
[Site "Brasov"]
[Date "2023.07.18"]
[Round "4"]
[White "Raja, Rithvik R"]
[Black "Pyrig, Roman"]
[Result "1-0"]
[WhiteElo "2469"]
[BlackElo "2112"]
[PlyCount "91"]
[EventDate "2023.07.16"]
[EventType "swiss"]
[EventRounds "9"]
[EventCountry "ROU"]
[SourceTitle "CBM 215 Extra"]
[Source "ChessBase"]
[SourceDate "2023.09.30"]
[SourceVersion "1"]
[SourceVersionDate "2023.09.30"]
[SourceQuality "1"]

1. d4 Nf6 2. c4 e6 3. Nc3 d5 4. cxd5 exd5 5. Bg5 c6 6. e3 Be7 7. Bd3 0-0 8. Qc2 Nbd7 9. Nf3 Re8 10. 0-0 Nf8 11. h3 Ne4 12. Bf4 Nxc3 13. bxc3 Bd6 14. Bxd6 Qxd6 15. c4 dxc4 16. Bxc4 Be6 17. Rab1 b6 18. Rfc1 Rac8 19. Rb3 c5 20. Rc3 cxd4 21. Nxd4 Rxc4 22. Rxc4 Bxc4 23. Qxc4 Ne6 24. Qa4 Rf8 25. Nf5 Qd2 26. Rf1 a5 27. Rb1 Qd3 28. Qb5 Qc2 29. Ne7+ Kh8 30. Qb3 Qd2 31. Qd5 Qe2 32. Nc6 Kg8 33. g3 a4 34. Rxb6 h6 35. Ne7+ Kh7 36. Rxe6 fxe6 37. Qe4+ Rf5 38. Nxf5 Qd1+ 39. Kg2 exf5 40. Qxf5+ Kh8 41. e4 Qc2 42. Qd5 a3 43. e5 Qf5 44. g4 Qg5 45. Qd6 Qf4 46. Qxa3 1-0

[Event "Malakhatko Memorial op"]
[Site "Chess.com INT"]
[Date "2023.06.14"]
[Round "7"]
[White "Pyrig, Roman"]
[Black "Zinkevich, Julia"]
[Result "0-1"]
[WhiteElo "2112"]
[BlackElo "2122"]
[PlyCount "152"]
[EventDate "2023.06.14"]
[EventType "swiss (blitz)"]
[EventRounds "11"]
[EventCountry "USA"]
[SourceTitle "CBM 214 Extra"]
[Source "ChessBase"]
[SourceDate "2023.07.31"]
[SourceVersion "1"]
[SourceVersionDate "2023.07.31"]
[SourceQuality "1"]

1. e4 c6 2. Ne2 d5 3. e5 c5 4. d4 Nc6 5. dxc5 Nxe5 6. Nd4 Nf6 7. b4 e6 8. c3 Be7 9. f4 Nc6 10. Nd2 0-0 11. N2f3 Bd7 12. Bd3 a6 13. 0-0 Qc7 14. Nxc6 Bxc6 15. Ne5 b6 16. cxb6 Qxb6+ 17. Kh1 Bb5 18. a4 Bxd3 19. Qxd3 Rfc8 20. Be3 Qb7 21. Bd4 Ne4 22. Rae1 f5 23. g4 Rf8 24. gxf5 Rxf5 25. Rf3 Raf8 26. Ref1 Bd6 27. b5 axb5 28. Qxb5 Qe7 29. Qe2 Qh4 30. Qg2 Rxf4 31. Nd3 Rg4 32. Rxf8+ Bxf8 33. Bf2 Nxf2+ 34. Qxf2 Qxf2 35. Rxf2 Rxa4 36. Nf4 Re4 37. Kg2 Bc5 38. Rf3 Bd6 39. Nd3 Re2+ 40. Rf2 Rxf2+ 41. Nxf2 Be5 42. Nd1 Kf7 43. h3 g5 44. Kf3 h5 45. Ke3 Kg6 46. Kd3 Kf5 47. c4 dxc4+ 48. Kxc4 Kf4 49. Kd3 Kg3 50. Ke4 Bf4 51. Nc3 e5 52. Ne2+ Kxh3 53. Kf3 g4+ 54. Kf2 Kh4 55. Nc3 Kg5 56. Ne4+ Kf5 57. Nd6+ Kf6 58. Ne4+ Kg6 59. Kg2 h4 60. Nf2 Kf5 61. Kh1 e4 62. Kg2 e3 63. Nd3 Ke4 64. Ne1 h3+ 65. Kh1 g3 66. Kg1 e2 67. Kh1 Bd2 68. Nc2 e1Q+ 69. Nxe1 Bxe1 70. Kg1 Ba5 71. Kh1 Kf3 72. Kg1 g2 73. Kh2 Kf2 74. Kxh3 g1Q 75. Kh4 Qg6 76. Kh3 Qg3# 0-1

[Event "Malakhatko Memorial op"]
[Site "Chess.com INT"]
[Date "2023.06.14"]
[Round "8"]
[White "Savchenko, Kirill"]
[Black "Pyrig, Roman"]
[Result "1-0"]
[WhiteElo "2097"]
[BlackElo "2112"]
[PlyCount "91"]
[EventDate "2023.06.14"]
[EventType "swiss (blitz)"]
[EventRounds "11"]
[EventCountry "USA"]
[SourceTitle "CBM 214 Extra"]
[Source "ChessBase"]
[SourceDate "2023.07.31"]
[SourceVersion "1"]
[SourceVersionDate "2023.07.31"]
[SourceQuality "1"]

1. e4 e5 2. Nf3 Nc6 3. Bc4 Bc5 4. 0-0 Nf6 5. d4 Bxd4 6. Nxd4 Nxd4 7. f4 d6 8. fxe5 dxe5 9. Bg5 Be6 10. Na3 Qe7 11. c3 Bxc4 12. Nxc4 Nc6 13. Bxf6 gxf6 14. Kh1 Rg8 15. Ne3 Qd7 16. Qxd7+ Kxd7 17. Rxf6 Raf8 18. Raf1 Nd8 19. R1f5 Re8 20. Nc4 Kc8 21. h3 Rg6 22. g4 b5 23. Rxg6 hxg6 24. Rxe5 Rh8 25. Rxb5 Rxh3+ 26. Kg2 Rd3 27. Rd5 Rxd5 28. exd5 Kd7 29. Kf3 f6 30. Ke4 Nf7 31. b4 Ng5+ 32. Kd4 Nf3+ 33. Kc5 Nh2 34. Ne3 Nf3 35. a4 Ne5 36. a5 a6 37. b5 Nd3+ 38. Kc4 Ne5+ 39. Kb4 Nd3+ 40. Ka4 Nc5+ 41. Kb4 Nd3+ 42. Kc4 Ne5+ 43. Kd4 axb5 44. a6 Kd6 45. a7 c5+ 46. Ke4 1-0

[Event "Malakhatko Memorial op"]
[Site "Chess.com INT"]
[Date "2023.06.14"]
[Round "6"]
[White "Tulchynskyi, Feliks"]
[Black "Pyrig, Roman"]
[Result "1/2-1/2"]
[WhiteElo "2246"]
[BlackElo "2112"]
[PlyCount "136"]
[EventDate "2023.06.14"]
[EventType "swiss (blitz)"]
[EventRounds "11"]
[EventCountry "USA"]
[SourceTitle "CBM 214 Extra"]
[Source "ChessBase"]
[SourceDate "2023.07.31"]
[SourceVersion "1"]
[SourceVersionDate "2023.07.31"]
[SourceQuality "1"]

1. d4 Nf6 2. c4 e6 3. Nc3 d5 4. cxd5 exd5 5. Bg5 c6 6. e3 Nbd7 7. Bd3 h6 8. Bh4 Be7 9. Qc2 0-0 10. Nf3 Re8 11. h3 Ne4 12. Bxe7 Qxe7 13. Bxe4 dxe4 14. Nd2 Nf6 15. 0-0 b6 16. Qa4 Bb7 17. Rac1 Rec8 18. Nb3 a5 19. Qa3 Qxa3 20. bxa3 Ba6 21. Rfd1 Bd3 22. Na4 Rab8 23. Nb2 Ba6 24. Nc4 Ne8 25. Ne5 Bb5 26. Nd2 f6 27. Nec4 f5 28. Rb1 Rd8 29. Rdc1 Nd6 30. Ne5 Rdc8 31. a4 Bd3 32. Nxd3 exd3 33. Rb3 c5 34. Rxd3 cxd4 35. Rxc8+ Rxc8 36. Rxd4 Nb7 37. Nc4 Rc6 38. Kh2 Nc5 39. Nd6 g6 40. h4 Nxa4 41. Nxf5 gxf5 42. Rxa4 Kf7 43. Kg3 Rc2 44. h5 Kf6 45. Kf3 Kg5 46. e4 Rc3+ 47. Ke2 fxe4 48. Rxe4 Rc2+ 49. Ke3 Rxa2 50. Re6 Rb2 51. g4 Kxg4 52. Rxh6 a4 53. Rh8 a3 54. Ra8 Rb3+ 55. Kd4 Kxh5 56. Kc4 Rf3 57. Kb5 Rb3+ 58. Kc4 Rf3 59. Kb5 Rxf2 60. Rxa3 Rb2+ 61. Kc6 Kg4 62. Kd5 Kf4 63. Kd4 Rd2+ 64. Kc4 Ke5 65. Rb3 Rc2+ 66. Kb5 Kd4 67. Kxb6 Rc3 68. Rxc3 Kxc3 1/2-1/2

[Event "Kiev Spring op"]
[Site "Kiev"]
[Date "2023.03.28"]
[Round "5"]
[White "Pyrig, Roman"]
[Black "Baglay, Kseniya"]
[Result "1-0"]
[WhiteElo "2072"]
[BlackElo "1732"]
[PlyCount "75"]
[EventDate "2023.03.25"]
[EventType "swiss"]
[EventRounds "9"]
[EventCountry "UKR"]
[SourceTitle "EXT 2024"]
[Source "ChessBase"]
[SourceDate "2023.10.10"]
[SourceVersion "1"]
[SourceVersionDate "2023.10.10"]
[SourceQuality "1"]

1. e4 e5 2. d4 exd4 3. c3 d5 4. Qxd4 Nf6 5. Bg5 dxe4 6. Qxd8+ Kxd8 7. Nd2 Bf5 8. 0-0-0 Bd6 9. Bc4 Nbd7 10. f3 h6 11. fxe4 hxg5 12. exf5 Ng4 13. Nh3 f6 14. Rhe1 Nde5 15. Kc2 Nxh2 16. Bd5 c6 17. Ne4 Kc7 18. Nxd6 Kxd6 19. Be6+ Ke7 20. Rxe5 fxe5 21. Rd7+ Ke8 22. Nxg5 Ng4 23. Rc7 Rh6 24. Rxg7 Nf6 25. Rxb7 Rh2 26. Nf7 Rxg2+ 27. Kd3 Rg7 28. a4 a5 29. Ke3 Rg3+ 30. Ke2 Rg7 31. Kf3 Kf8 32. b3 e4+ 33. Kf4 Rg4+ 34. Ke5 e3 35. Kxf6 e2 36. Ne5 e1Q 37. Rf7+ Ke8 38. Re7+ 1-0

[Event "EU-ch U16 30th"]
[Site "Antalya"]
[Date "2022.11.14"]
[Round "9"]
[White "Pyrig, Roman"]
[Black "Andreev, Konstantin1111"]
[Result "1-0"]
[WhiteElo "2061"]
[BlackElo "2248"]
[PlyCount "20"]
[EventDate "2022.11.06"]
[EventType "swiss"]
[EventRounds "9"]
[EventCountry "TUR"]
[SourceTitle "EXT 2024"]
[Source "ChessBase"]
[SourceDate "2023.10.10"]
[SourceVersion "1"]
[SourceVersionDate "2023.10.10"]
[SourceQuality "1"]

1. e4 c5 2. Nf3 Nc6 3. Bb5 e6 4. 0-0 Nge7 5. Re1 g6 6. c3 Bg7 7. h4 0-0 8. h5 a6 9. Bf1 d6 10. h6 Bh8 1-0

[Event "EU-ch U16 30th"]
[Site "Antalya"]
[Date "2022.11.08"]
[Round "3"]
[White "Pyrig, Roman"]
[Black "Lamaze, Simon"]
[Result "1/2-1/2"]
[WhiteElo "2061"]
[BlackElo "2372"]
[PlyCount "70"]
[EventDate "2022.11.06"]
[EventType "swiss"]
[EventRounds "9"]
[EventCountry "TUR"]
[SourceTitle "EXT 2024"]
[Source "ChessBase"]
[SourceDate "2023.10.10"]
[SourceVersion "1"]
[SourceVersionDate "2023.10.10"]
[SourceQuality "1"]

1. e4 c5 2. Nf3 d6 3. g3 Nf6 4. Nc3 g6 5. Bg2 Bg7 6. 0-0 Bg4 7. h3 Bxf3 8. Qxf3 Nc6 9. d3 0-0 10. Be3 Rb8 11. a4 a6 12. Qd1 Nd7 13. Rb1 b5 14. axb5 axb5 15. Ne2 b4 16. f4 Nd4 17. Qd2 Qb6 18. Kh2 Ra8 19. e5 Ra7 20. exd6 Qxd6 21. Ra1 Rxa1 22. Rxa1 Nxe2 23. Qxe2 Bxb2 24. Ra7 Nf6 25. Qf3 e6 26. Qc6 Qxc6 27. Bxc6 Bd4 28. Bxd4 cxd4 29. Rb7 Rc8 30. Ba4 Nd5 31. Kg2 h5 32. Bb3 Ne3+ 33. Kf3 h4 34. gxh4 Nf5 35. Kg4 Nh6+ 1/2-1/2

[Event "EU-ch U16 30th"]
[Site "Antalya"]
[Date "2022.11.06"]
[Round "1"]
[White "Razafindratsima, Timothe"]
[Black "Pyrig, Roman"]
[Result "1-0"]
[WhiteElo "2453"]
[BlackElo "2061"]
[PlyCount "52"]
[EventDate "2022.11.06"]
[EventType "swiss"]
[EventRounds "9"]
[EventCountry "TUR"]
[SourceTitle "CBM 211 Extra"]
[Source "ChessBase"]
[SourceDate "2023.01.31"]
[SourceVersion "1"]
[SourceVersionDate "2023.01.31"]
[SourceQuality "1"]

1. e4 c5 2. Nf3 Nc6 3. d4 cxd4 4. Nxd4 Nf6 5. Nc3 e5 6. Ndb5 d6 7. Nd5 Nxd5 8. exd5 Nb8 9. a4 Be7 10. Bd2 a6 11. Na3 b6 12. a5 b5 13. c4 bxc4 14. Nxc4 Qd7 15. Be2 0-0 16. 0-0 Qd8 17. Be3 Nd7 18. b4 Bb7 19. Nb6 Nxb6 20. axb6 Qxb6 21. Qd2 e4 22. Ra4 Rac8 23. Bc4 Qd4 24. Qe2 Qxd5 25. Bxa6 Rb8 26. b5 Rbc8 1-0

[Event "UKR-ch Rapid"]
[Site "Omelnyk"]
[Date "2021.10.01"]
[Round "4"]
[White "Raspopov, Sergey"]
[Black "Pyrig, Roman"]
[Result "1-0"]
[WhiteElo "2122"]
[BlackElo "1927"]
[PlyCount "75"]
[EventDate "2021.10.01"]
[EventType "swiss (rapid)"]
[EventRounds "9"]
[EventCountry "UKR"]
[SourceTitle "CBM 204 Extra"]
[Source "ChessBase"]
[SourceDate "2021.11.30"]
[SourceVersion "1"]
[SourceVersionDate "2021.11.30"]
[SourceQuality "1"]

1. d4 Nf6 2. Bg5 Ne4 3. Bh4 d5 4. Nd2 Nxd2 5. Qxd2 Nc6 6. e3 f6 7. a3 e6 8. Bd3 Bd6 9. f4 Qe7 10. Nf3 Bd7 11. c4 dxc4 12. Bxc4 0-0-0 13. Rc1 Rdg8 14. 0-0 g5 15. fxg5 fxg5 16. Bg3 Bxg3 17. hxg3 Qd6 18. Qe1 h5 19. b4 g4 20. Nh4 Ne7 21. Rf6 Rf8 22. Qf2 Rxf6 23. Qxf6 Rd8 24. Kh2 Nd5 25. Bxd5 Qxd5 26. Qf4 Bc6 27. Rc5 Qb3 28. b5 e5 29. Qxe5 Re8 30. Qf5+ Bd7 31. Qf4 c6 32. bxc6 bxc6 33. Nf5 Bxf5 34. Rxc6+ Kb7 35. Rc7+ Ka8 36. Qxf5 Kb8 37. Qf4 Qxe3 38. Re7+ 1-0

[Event "UKR-ch Rapid"]
[Site "Omelnyk"]
[Date "2021.10.01"]
[Round "1"]
[White "Vetoshko, Volodymyr"]
[Black "Pyrig, Roman"]
[Result "0-1"]
[WhiteElo "2523"]
[BlackElo "1927"]
[PlyCount "86"]
[EventDate "2021.10.01"]
[EventType "swiss (rapid)"]
[EventRounds "9"]
[EventCountry "UKR"]
[SourceTitle "CBM 204 Extra"]
[Source "ChessBase"]
[SourceDate "2021.11.30"]
[SourceVersion "1"]
[SourceVersionDate "2021.11.30"]
[SourceQuality "1"]

1. d4 Nf6 2. c4 e6 3. g3 d5 4. Nf3 Be7 5. Bg2 0-0 6. Nc3 c5 7. cxd5 Nxd5 8. 0-0 Nxc3 9. bxc3 Nc6 10. Rb1 Qa5 11. Qb3 Rd8 12. Rd1 Bd7 13. Bf4 cxd4 14. cxd4 Qb4 15. Qc2 Qa3 16. Rxb7 Nb4 17. Qb3 Qa6 18. Rxb4 Bxb4 19. Qxb4 Qxe2 20. Re1 Qb5 21. Qe7 Re8 22. Qa3 Bc6 23. Rc1 Qb7 24. Ne1 Bxg2 25. Nxg2 Rac8 26. Be3 Rxc1+ 27. Qxc1 Rc8 28. Qd2 Qb1+ 29. Ne1 h6 30. Kg2 Qb7+ 31. Nf3 Qe4 32. h4 Rd8 33. Qa5 Rd5 34. Qd2 Rf5 35. Qe2 g5 36. hxg5 hxg5 37. d5 g4 38. Qb5 gxf3+ 39. Kg1 Qxd5 40. Qb8+ Kh7 41. g4 Rf6 42. Qh2+ Kg7 43. g5 Qd1# 0-1

[Event "UKR-ch sf"]
[Site "Omelnyk"]
[Date "2021.09.22"]
[Round "1"]
[White "Vysochin, Spartak"]
[Black "Pyrig, Roman"]
[Result "1-0"]
[WhiteElo "2494"]
[BlackElo "1927"]
[PlyCount "187"]
[EventDate "2021.09.22"]
[EventType "swiss"]
[EventRounds "9"]
[EventCountry "UKR"]
[SourceTitle "CBM 204 Extra"]
[Source "ChessBase"]
[SourceDate "2021.11.30"]
[SourceVersion "1"]
[SourceVersionDate "2021.11.30"]
[SourceQuality "1"]

1. e4 c5 2. c3 d5 3. exd5 Qxd5 4. d4 Nf6 5. Nf3 Bg4 6. Nbd2 Nc6 7. Bc4 Qd7 8. Qb3 e6 9. Ne5 Qc7 10. Nxg4 Nxg4 11. Ne4 cxd4 12. Bxe6 Nge5 13. Bf5 Be7 14. 0-0 0-0 15. Bd2 Rad8 16. Rad1 Na5 17. Qa4 Nac4 18. Bc1 d3 19. Nd2 Nxd2 20. Rxd2 g6 21. Be4 f5 22. Qb3+ Kg7 23. Qxb7 Qxb7 24. Bxb7 Nc4 25. b3 Nxd2 26. Bxd2 Bf6 27. Rd1 Rd7 28. Bf3 g5 29. h3 Be5 30. c4 Kf6 31. g3 Rfd8 32. c5 Rc8 33. b4 Rdc7 34. Be1 Rd8 35. c6 a6 36. Kf1 h5 37. a4 g4 38. hxg4 hxg4 39. Bg2 Rcc8 40. Bd2 Rb8 41. Rc1 Rdc8 42. Rc4 Re8 43. Kg1 Rec8 44. Rc5 Bd6 45. Bc3+ Kg6 46. Rc4 Rc7 47. Kf1 Re7 48. Kg1 Rc7 49. Bd2 Rb6 50. Rd4 Be7 51. Kf1 Bc5 52. Rc4 Bd6 53. Ke1 Rb8 54. Kd1 Rh7 55. Rd4 Bf8 56. Bf4 Rxb4 57. c7 Rb1+ 58. Kd2 Rb2+ 59. Kxd3 Rxc7 60. Bxc7 Rxf2 61. Bb7 Bc5 62. Rc4 Ba7 63. Rc6+ Kh7 64. Rxa6 Bc5 65. Bf4 Ra2 66. Bc8 Bf2 67. Bxf5+ Kg7 68. Be5+ Kf8 69. Bd6+ Kg7 70. Ke4 Be1 71. Ra7+ Kf6 72. Be5+ Kg5 73. Bf4+ Kf6 74. Ra6+ Ke7 75. Bxg4 Rg2 76. Kf3 Rf2+ 77. Ke4 Rg2 78. Bf3 Rg1 79. g4 Bh4 80. Rh6 Re1+ 81. Kf5 Bf2 82. Rh1 Bg1 83. g5 Rf1 84. Kg4 Ra1 85. a5 Rxa5 86. Rxg1 Kf7 87. Rc1 Kg6 88. Rc6+ Kg7 89. Rc7+ Kg8 90. Rd7 Kh8 91. Bd5 Ra4 92. Rd8+ Kh7 93. Kf5 Ra6 94. Rd7+ 1-0

[Event "Kiev op U16"]
[Site "Kiev"]
[Date "2021.07.20"]
[Round "4"]
[White "Prokofiev, Valentyn"]
[Black "Pyrig, Roman"]
[Result "1/2-1/2"]
[WhiteElo "2201"]
[BlackElo "1877"]
[PlyCount "161"]
[EventDate "2021.07.20"]
[EventType "swiss"]
[EventRounds "11"]
[EventCountry "UKR"]
[SourceTitle "EXT 2022"]
[Source "ChessBase"]
[SourceDate "2021.10.06"]
[SourceVersion "1"]
[SourceVersionDate "2021.10.06"]
[SourceQuality "1"]

1. d4 d6 2. g3 g6 3. Bg2 Bg7 4. Nf3 Nd7 5. 0-0 Ngf6 6. c4 0-0 7. Nc3 e5 8. e4 c6 9. h3 Ne8 10. Bg5 f6 11. Be3 f5 12. dxe5 Nxe5 13. Nxe5 Bxe5 14. Bd4 Qf6 15. Bxe5 dxe5 16. exf5 Bxf5 17. g4 Rd8 18. Qb3 Bd3 19. Qxb7 Bxf1 20. Rxf1 Kh8 21. Qxa7 Ng7 22. Qc5 Rc8 23. Re1 e4 24. Rxe4 Ne6 25. Qe5 Qxe5 26. Rxe5 Nf4 27. Rc5 Nd3 28. Rxc6 Nxb2 29. Rb6 Nxc4 30. Rb7 Na5 31. Ra7 Rxc3 32. Rxa5 Rc2 33. a4 Rcxf2 34. Ra7 Rb2 35. a5 Rc8 36. a6 Rc1+ 37. Bf1 Ra2 38. g5 Raa1 39. Rf7 Rxa6 40. Kf2 Ra8 41. Bg2 Rd8 42. Bf3 Rcc8 43. Ra7 Rf8 44. Ra3 Rc5 45. h4 Rcf5 46. Kg3 R5f7 47. Bd5 Rd7 48. Bf3 Kg7 49. Rb3 Re7 50. Ra3 h6 51. gxh6+ Kxh6 52. Rb3 Kg7 53. Ra3 Rf6 54. Rb3 Rd6 55. h5 gxh5 56. Bxh5 Rh6 57. Rb5 Rf6 58. Rb3 Kh6 59. Bg4 Rg7 60. Rb4 Rg5 61. Kh4 Ra5 62. Rc4 Ra1 63. Kh3 Rfa6 64. Bf3 R6a5 65. Kg3 Kg5 66. Rc8 R1a3 67. Rg8+ Kf6 68. Rf8+ Ke7 69. Rf4 Rg5+ 70. Kf2 Kd6 71. Rd4+ Kc5 72. Rf4 Ra2+ 73. Ke3 Rg1 74. Rf5+ Kb4 75. Be4 Re1+ 76. Kd4 Rd2+ 77. Bd3 Red1 78. Rf3 Ka4 79. Kc3 Rxd3+ 80. Rxd3 Rxd3+ 81. Kxd3 1/2-1/2

[Event "Kiev Spring op"]
[Site "Kiev"]
[Date "2021.07.15"]
[Round "7"]
[White "Romanov, Vladimir"]
[Black "Pyrig, Roman"]
[Result "0-1"]
[WhiteElo "2045"]
[BlackElo "1877"]
[PlyCount "76"]
[EventDate "2021.07.10"]
[EventType "swiss"]
[EventRounds "9"]
[EventCountry "UKR"]
[SourceTitle "EXT 2024"]
[Source "ChessBase"]
[SourceDate "2023.10.10"]
[SourceVersion "1"]
[SourceVersionDate "2023.10.10"]
[SourceQuality "1"]

1. e4 d5 2. exd5 Nf6 3. d4 Bg4 4. Ne2 c6 5. dxc6 Nxc6 6. c3 e5 7. f3 Bf5 8. g4 Bg6 9. Bg2 exd4 10. cxd4 Nb4 11. Na3 Nd3+ 12. Kf1 Bxa3 13. Qa4+ b5 14. Qxa3 Rc8 15. h4 Nxg4 16. h5 Rxc1+ 17. Rxc1 Ne3+ 18. Kg1 Bf5 19. Rc5 Nxc5 20. Qxe3+ Ne6 21. Qe5 Bd3 22. Nf4 Bb1 23. Nxe6 fxe6 24. Qxg7 Rf8 25. Qxa7 Qg5 26. Qb8+ Ke7 27. Qe5 Qxe5 28. dxe5 Bxa2 29. Rh4 Rd8 30. Rg4 Kf7 31. h6 Rd1+ 32. Kh2 Bb1 33. Rg7+ Kf8 34. Rb7 Rd5 35. f4 Rd2 36. Rb6 Be4 37. Rxe6 Rxg2+ 38. Kh3 Bf5+ 0-1

[Event "Kiev Spring op"]
[Site "Kiev"]
[Date "2021.07.13"]
[Round "5"]
[White "Oyberman, Mikhail"]
[Black "Pyrig, Roman"]
[Result "0-1"]
[WhiteElo "1431"]
[BlackElo "1877"]
[PlyCount "56"]
[EventDate "2021.07.10"]
[EventType "swiss"]
[EventRounds "9"]
[EventCountry "UKR"]
[SourceTitle "EXT 2024"]
[Source "ChessBase"]
[SourceDate "2023.10.10"]
[SourceVersion "1"]
[SourceVersionDate "2023.10.10"]
[SourceQuality "1"]

1. e4 e5 2. Nf3 Nc6 3. d4 exd4 4. Nxd4 Bc5 5. Be3 Qf6 6. c3 Nge7 7. Bc4 0-0 8. 0-0 b6 9. Qd2 Qg6 10. f3 d5 11. exd5 Ne5 12. Bb3 Ba6 13. Rd1 Bxd4 14. Qf2 Nd3 15. Qd2 Bxe3+ 16. Qxe3 Nf5 17. Qd2 Ne5 18. Kh1 Nc4 19. Qf2 Rae8 20. Nd2 Nxb2 21. Ne4 Nxd1 22. Rxd1 Nd6 23. Bc2 Nxe4 24. fxe4 f5 25. exf5 Re2 26. Qf3 Qe8 27. Qf1 Rxc2 28. Qxa6 Qe2 0-1

[Event "Kaspersky op U16"]
[Site "Tornelo INT"]
[Date "2021.04.02"]
[Round "6"]
[White "Pyrig, Roman"]
[Black "Gonzalez De la Guardia, Luis Emilio"]
[Result "1-0"]
[WhiteElo "1904"]
[BlackElo "1550"]
[PlyCount "129"]
[EventDate "2021.04.02"]
[EventType "swiss (blitz)"]
[EventRounds "11"]
[EventCountry "RUS"]
[SourceTitle "CBM 201 Extra"]
[Source "ChessBase"]
[SourceDate "2021.05.31"]
[SourceVersion "1"]
[SourceVersionDate "2021.05.31"]
[SourceQuality "1"]

1. e4 c5 2. Nf3 d6 3. Bb5+ Bd7 4. Bxd7+ Qxd7 5. 0-0 Nc6 6. d4 cxd4 7. Nxd4 Nf6 8. Nc3 g6 9. Be3 Bg7 10. f3 0-0 11. Qd2 Nxd4 12. Bxd4 Rfd8 13. Rad1 Rac8 14. Rfe1 b5 15. a3 Qb7 16. Re2 a5 17. Kh1 d5 18. e5 Ne8 19. e6 Nf6 20. exf7+ Kxf7 21. Rde1 Rd7 22. Qd3 b4 23. Na4 Rdc7 24. axb4 axb4 25. Nc5 Rxc5 26. Rxe7+ Qxe7 27. Rxe7+ Kxe7 28. Qe3+ Kd6 29. Qe5+ Kd7 30. Bxc5 Rxc5 31. c3 Rc6 32. g3 bxc3 33. bxc3 Re6 34. Qd4 Rd6 35. Qa7+ Ke6 36. Qxg7 d4 37. cxd4 Rxd4 38. Qa7 Rd6 39. g4 Rd7 40. Qa2+ Ke7 41. Kg2 Nd5 42. Kg3 Kf6 43. h4 Ne7 44. Qb2+ Kf7 45. Qb3+ Kg7 46. Qc3+ Kf7 47. Qc4+ Rd5 48. Qa6 Re5 49. Qa2+ Rd5 50. Kf4 Kf6 51. Qb2+ Ke6 52. Qb3 Kf6 53. Qc3+ Ke6 54. Qg7 h5 55. g5 Rf5+ 56. Ke4 Rd5 57. Qh8 Rf5 58. Qa8 Rd5 59. Qa6+ Kf7 60. Qf6+ Ke8 61. Qxe7+ Kxe7 62. Kxd5 Kd7 63. Ke5 Ke7 64. f4 Kf7 65. Kd6 1-0